[Event "Tel Aviv super 1st"]
[Site "Tel Aviv"]
[Date "1999.05.17"]
[Round "7"]
[White "Liss, Eran"]
[Black "Smirin, Ilia"]
[Result "0-1"]
[WhiteElo "2513"]
[BlackElo "2652"]
[Annotator "Tyomkin,D"]
[PlyCount "52"]
[EventDate "1999.05.11"]
[EventType "tourn"]
[EventRounds "9"]
[EventCountry "ISR"]
[EventCategory "14"]
[SourceTitle "CBM 071"]
[Source "ChessBase"]
[SourceDate "1999.08.01"]
[SourceVersion "1"]
[SourceVersionDate "1999.08.01"]
[SourceQuality "1"]

1. e4 {Ftacnik} c5 2. Nf3 Nc6 3. d4 cxd4 4. Nxd4 Qb6 5. Nb3 Nf6 6. Nc3 e6 7.
Bd3 Be7 8. Be3 Qc7 9. f4 d6 10. Qf3 O-O 11. O-O a6 12. Rae1 b5 13. g4 {Ftacnik:
'This line is well known for burning the bridges, but on the other hand white
is excellently prepared for an attack. All his pieces are concentrated on the
kingside and pawns ready to roll. '} (13. e5 $5 {Ftacnik} dxe5 14. fxe5 Nd7 (
14... Nxe5 $2 15. Qxa8 Neg4 16. g3 $1 Bb7 17. Qa7 Qc6 18. Ne4 Nxe4 19. Na5 $18)
15. Bf4 Bb7 16. Qg3 $36) 13... Re8 $146 {[%csl Re6][%cal Yg4g5,Yf4f5,Yf5f6,
Ge7f8,Gf6d7] That's typical profilactical move in this Scheweningen structure.
Black gets ready for the break g4-g5 and f4-f5-f6.Bishop gets f8-square and
e6-point gets one more defender. The best example how to play with black in
that structure was shown by Kasparov in his match against Karpov in-1985.} (
13... Nd7 14. g5 Re8 15. Qh5 g6 16. Qh6 (16. Qh4 $5 {/\ Rf3-h3~~}) 16... Bf8
17. Qh4 Bg7 18. Rf3 Qd8 19. Rh3 Nf8 20. f5 $6 (20. Nd1 $5 f5 $5 $13) 20... exf5
21. exf5 Ne5 $17 {0-1 Yagupov,I-Kharitonov,A/Spasskoe 1996/EXT 99 (35)} (21...
Ne5 {Ftacnik} 22. Be4 Bxf5 23. Bxf5 gxf5 24. Nd5 Neg6 {0-1 Yagupov,
I-Kharitonov,A/Spasskoe/1996/(35)})) (13... Bb7 {Blatny,P} 14. g5 Nd7 15. Qh5
$14 Nb4 16. Rf3 $1 Nxd3 17. cxd3 Rfe8 18. Ref1 g6 19. Qh6 Bf8 20. Qh4 Bg7 21.
Rh3 h5 22. gxh6 Bf6 23. h7+ Kh8 24. Bd4 {1-0 Nunn,J-Grivas,E/Athens 1991/CBM
24/[Blatny,P] (41)}) (13... g6 {Ftacnik} 14. g5 Nh5 15. Ne2 f6 16. Ng3 Nxg3 17.
Qxg3 fxg5 18. fxg5 e5 19. a3 Be6 20. Nd2 Na5 21. Rxf8+ Rxf8 22. Rf1 Nc4 23.
Rxf8+ Bxf8 24. Bxc4 bxc4 25. Bf2 {1-0 Dervishi,E-Bellon Lopez,J/Bern/1996/ (42)
}) 14. e5 {[%mdl 128] Liss starts an attack with this move which looks very
dangerous for black.White made this decision intuitively,which is the strong
side of Liss.} dxe5 15. g5 Nd5 16. Bxh7+ {[%mdl 512] That was whites idea
while played 14.e5.} Kxh7 17. Qh5+ Kg8 18. Rf3 {[%cal Gf3h3]} g6 19. Qh4 Bb4 $2
{In post-game analyse both players thought that this move is the only defense
for black.In my opinion there are few better moves to defend.} (19... Bd6 $2
20. f5 $1 $18 (20. Rh3 Kf8 $1 {[%cal Gf8e7]}) 20... Nf4 (20... Nxc3 21. Rh3 $18
)) (19... Bf8 $5 20. Ne4 (20. Rh3 Bg7 21. Qh7+ Kf8 22. Bc5+ Nce7 (22... Re7 $5)
23. Ne4 exf4 $13) 20... Bg7 (20... f5 21. gxf6 Ra7 22. Qg5 $1) 21. Rh3 (21.
Nf6+ Nxf6 22. gxf6 Qd8 $1 {[%cal Yd8h4]}) 21... Nxe3 (21... exf4 22. Nf6+ Kf8
23. Bc5+ Nce7 24. Qh8+ $11) 22. Nf6+ Kf8 23. fxe5 {[%cal Rh4h8] with the
threat Qh8!!} Qxe5 {with no danger for black anymore.}) (19... exf4 $5 20. Rh3
Qe5 21. Bd4 Qxe1+ $1 22. Qxe1 e5 {[%csl Rd4,Rh3] and white collapses.}) 20. f5
{[%cal Rf5f6,Rc3e4][%mdl 64] Threatening f5-f6 or Ne4.} (20. Ne4 Kf8 $1 21. Nf6
Ke7) 20... f6 $1 {[%cal Yc7g7,Yg7h7][%mdl 256] Queen is coming to defense.} (
20... Nf4 21. Bxf4 exf4 (21... Bxc3 22. Rh3) 22. Ne4 $18) (20... gxf5 21. Rh3
Kf8 22. g6 $1 $18 {[%cal Rg6g7] intending g6-g7!} (22. Nxd5 exd5 23. g6 Qd6 24.
Bh6+ Kg8 25. Bg5)) 21. gxf6 (21. Rh3 Qg7 22. gxf6 Nxf6 23. Bh6 Qh8 $1 {and
still there is nothing clear.}) 21... Qh7 22. Qg5 $4 (22. fxg6 $2 Qxh4 23. f7+
Kf8 24. g7+ Kxg7 25. fxe8=Q Qxe1+ $19) (22. f7+ $1 {It leads at least to the
draw for white.} Qxf7 23. fxg6 (23. f6 Rd8 $1 {[%cal Yg8f8,Yf8e8]} (23... Nxf6
24. Rxf6 Be7 25. Ne4 $18) 24. Rh3 Kf8 $1 25. Ne4 Ke8 $1) 23... Qg7 24. Bh6 Qe7
$1 (24... Be7 25. Qh3 $18) (24... Qa7+ 25. Kh1 {[%cal Rf3f7,Rc3e4] Threatening
Rf7 or Ne4.} Qe7 26. Bg5 (26. Rf7 Qxh4 27. Rg7+ Kh8 28. Rh7+ $11) 26... Qg7 {
White has a good choice between draw after 27.Bh6 or to continue with tha
attack after 27.Rg1 for instance.}) 25. Rf7 $1 $11 (25. Bg5 Qg7 26. Bh6 $11)) (
22. Bh6 {That is the only improvement of whites play which players found,but
it leads to the blacks advantage in the ending.} exf5 23. Nxd5 Bxe1 24. f7+
Kxf7 (24... Qxf7 25. Nf6+ Kh8 26. Rg3 $1 Bxg3 27. hxg3 $18 {[%cal Rh6f8]}) 25.
Qf6+ Kg8 26. Qxc6 Qa7+ 27. Be3 Re6 $1 28. Bxa7 Rxc6 29. Ne7+ Kg7 30. Nxc6 Bb7
31. Re3 $1 Bxc6 32. Rxe1 Rxa7 33. Rxe5 $15 {[%csl Rc6] Black rook and bishop
is better than white rook and knight.}) 22... Kf7 $1 {[%mdl 256] Smirin shows
that he is good defender as well as attacker.} 23. Rh3 $1 {[%mdl 64]} Qg8 {
kamuvan lio:} (23... Qxh3 $4 24. Qxg6+ Kf8 25. Qg7#) 24. Rh8 ({With so active
pieces white even can't give perpetual check in the ending:} 24. fxg6+ Qxg6 25.
Qxg6+ Kxg6 26. Rh6+ Kf7 27. Rh7+ Kxf6 28. Rf1+ Nf4 29. Bxf4 exf4 30. Rxf4+ Kg6
31. Rff7 Bxc3 {[%cal Yc3g7]} 32. bxc3 Rg8 $19 {[%csl Rg7]}) 24... gxf5 $1 {
[%cal Rg8g1][%mdl 320] Black is really lucky today!} 25. Qg7+ Qxg7+ 26. fxg7
Bd7 0-1

[Event "FRA-ch"]
[Site "Auxerre"]
[Date "1996.??.??"]
[Round "7"]
[White "Prie, Eric"]
[Black "Vaisser, Anatoli"]
[Result "0-1"]
[WhiteElo "2480"]
[BlackElo "2565"]
[Annotator "Vaisser,A"]
[PlyCount "54"]
[EventDate "1996.??.??"]
[EventType "tourn"]
[EventRounds "15"]
[EventCountry "FRA"]
[EventCategory "9"]
[SourceTitle "CBM 054 Extra"]
[Source "ChessBase"]
[SourceDate "1996.11.01"]
[SourceVersion "1"]
[SourceVersionDate "1996.11.01"]
[SourceQuality "1"]

1. e4 c5 2. Nf3 e6 3. d4 cxd4 4. Nxd4 Nf6 5. Nc3 Nc6 6. Ndb5 d6 7. Bf4 e5 8.
Bg5 a6 9. Na3 b5 10. Bxf6 gxf6 11. Nd5 Bg7 12. Bd3 Ne7 13. Nxe7 Qxe7 14. c3 f5
15. O-O (15. Nc2 O-O (15... Qb7) (15... Bb7) (15... Qg5)) 15... Bb7 $1 (15...
O-O $6 16. Nc2 Bb7 $6 17. exf5 Qg5 18. Ne3 h5 19. Bc2 $1 d5 20. Nxd5 Rad8 21.
Be4 $16) 16. exf5 (16. Re1 O-O (16... fxe4 $2 17. Bxe4 d5 $2 18. Bxd5 Rd8 19.
Qg4 $18) 17. exf5 Qg5 (17... b4 $5 18. Nc2 (18. cxb4 d5 $44) 18... bxc3 19.
bxc3 d5 $13 {(Gurevich,V)}) 18. g3 d5 19. Nc2 e4 20. Bf1 Qxf5 21. a4 bxa4 22.
Rxa4 Qg6 23. Rb4 $14 {V.Gurevic-Iskusnyh /Orel/1995}) 16... Qg5 17. g3 (17. f3
Bh6 $1 (17... O-O-O $6 18. Nc2 Rhg8 19. Rf2 d5 20. f4 $5 exf4 21. a4 $36) 18.
Rf2 Qh5 $2 (18... Qh4 $1 19. Nc2 Rg8 $44) 19. Bxb5+ $1 axb5 20. Qxd6 $18 {
Gi.Hernandez-Espinosa/San Salvador/1995}) 17... h5 18. Qe2 (18. h4 $5 Qe7 19.
Be2 (19. Nc2 $142 e4 20. Re1 d5 21. a4 Be5 22. Bf1 Rg8 23. Bg2 {Horvath,T})
19... e4 20. Re1 Be5 21. Bf1 Rg8 22. Bg2 Bxg3 $1 $40 {S.Kindermann - E.Lobron,
Nussloch, 1996}) 18... h4 {[#]} 19. Bxb5+ $2 (19. Nc2 O-O-O $1 20. a4 $2 (20.
g4 $1 d5 21. f3) 20... hxg3 21. fxg3 Rxh2 $1 22. Qxh2 Rh8 $19) 19... Kf8 (19...
axb5 $2 20. Qxb5+ Kf8 21. Qxb7 $18) (19... Ke7 $2 20. f4 $1 Qxf5 21. fxe5 Qxe5
22. Qc4 $1 $40) 20. Ba4 (20. Bd3 $2 e4 21. Bc2 (21. Bxe4 Re8 $17) 21... Be5 $1
22. Bxe4 (22. Nc4 hxg3 23. fxg3 Bxg3 $1 24. hxg3 Qxg3+ 25. Qg2 e3 $1 $19) 22...
hxg3 23. fxg3 Bxg3 $1 24. hxg3 Qxg3+ 25. Qg2 Qe3+ 26. Rf2 Bxe4 27. Nc2 Qg3 $1
$19) 20... Qxf5 21. Bc2 $2 (21. Nc4 $1 Bf3 $1 (21... Qh3 $2 22. Ne3) 22. Nxd6
Qh5 (22... Qg4 $2 23. Qc4 $1) 23. Qc2 Rd8 $1 (23... e4 $2 24. Rae1 hxg3 (24...
Be5 $2 25. Nxe4 Qg4 26. Re3 $18) (24... Qg4 $2 25. Qb3) 25. fxg3 Qc5+ 26. Qf2
Rxh2 (26... Qxd6 27. Rxe4 Bh5 28. Rfe1 $13 Bf6 $2 (28... Kg8) 29. Re6 $1 $16)
27. Qxc5 Rg2+ 28. Kh1 Rf2+ $10) 24. Nf5 (24. Rad1 Bxd1 25. Rxd1 hxg3 26. fxg3
Rh6 $19) (24. Qf5 hxg3 25. Qxh5 Bxh5 26. Nf5 gxh2+ 27. Kg2 e4 $19) 24... e4 $1
25. Ne3 (25. Nxh4 $2 Bf6 26. Nxf3 exf3 27. h4 Bxh4 $1 $19) 25... Be5 26. Rfd1 (
26. Rab1 hxg3 27. fxg3 Bxg3 28. hxg3 Rd3 $1 $19) 26... Rxd1+ 27. Rxd1 hxg3 28.
fxg3 Bxd1 29. Nxd1 Bxg3 $19) 21... Qh3 22. f3 hxg3 23. Qg2 Qxh2+ 24. Qxh2 Rxh2
25. Be4 d5 26. Bf5 Bh6 27. Nc2 Kg7 (27... Kg7 28. Rae1 Bd2 $1 29. Rd1 (29. Rxe5
Bf4 30. Re7 Rah8) 29... Rah8) 0-1

[Event "Groningen op"]
[Site "Groningen"]
[Date "1993.??.??"]
[Round "4"]
[White "Kaminski, Marcin"]
[Black "Vaisser, Anatoli"]
[Result "0-1"]
[WhiteElo "2450"]
[BlackElo "2580"]
[Annotator "Vaisser,A"]
[PlyCount "106"]
[EventDate "1993.12.??"]
[EventType "swiss"]
[EventRounds "11"]
[EventCountry "NED"]
[SourceTitle "CBM 039"]
[Source "ChessBase"]
[SourceDate "1994.04.01"]
[SourceVersion "1"]
[SourceVersionDate "1994.04.01"]
[SourceQuality "1"]

1. e4 c5 2. Nf3 e6 3. d4 cxd4 4. Nxd4 Nf6 5. Nc3 Nc6 6. Ndb5 d6 7. Bf4 e5 8.
Bg5 a6 9. Na3 b5 10. Nd5 Be7 11. Bxf6 Bxf6 12. c3 O-O 13. Nc2 Rb8 14. Bd3 Bg5 (
14... Be6 $5) 15. O-O Ne7 (15... Be6 $5 16. a4 bxa4 17. Ndb4 Ne7 18. Bxa6 Bb3
$10) 16. Nxe7+ (16. a4 $5) 16... Bxe7 $146 17. Nb4 $6 (17. a4 d5 18. exd5 f5 (
18... bxa4 19. Rxa4 Rxb2 20. Bxa6 $44) 19. axb5 axb5 20. Ne3 e4 21. Bc2 f4 22.
Bxe4 fxe3 23. Qh5 h6 24. Qg6 Rf6 $13) 17... Bb7 18. Bc2 Rc8 $1 19. Qd3 (19. a4
a5 20. Nd5 Bxd5 21. Qxd5 Rc5 22. Qd3 bxa4 23. Rxa4 Qb6 $10) 19... Rc5 20. a4 a5
21. Nd5 bxa4 22. Bxa4 Bxd5 23. exd5 f5 $15 24. b4 e4 $1 25. Qh3 axb4 26. cxb4
Rc4 27. Qb3 Rd4 28. Bc6 Bf6 (28... Qb6 $5 29. b5 Bf6) 29. Ra7 $1 Rd3 (29... Rd2
$5) 30. Qa4 Qb6 $6 (30... Bd4 $1) 31. Bd7 $1 e3 $1 32. Be6+ Kh8 33. fxe3 Qxe3+
34. Kh1 Qe2 35. Rg1 {[#]} Rh3 $5 (35... h5 $1 36. Ra8 Rxa8 $4 (36... Bd8 $13)
37. Qxa8+ Kh7 38. Bxf5+ $18) (35... g6 $2 36. Qd7 Qh5 37. Qxd6 Qh6 $16) 36.
gxh3 $2 (36. Qd1 $4 {[#]} Be5 $3) (36. Bxf5 $1 Rxh2+ $1 (36... Bd4 $2 37. Ra8
Rxh2+ 38. Kxh2 Bxg1+ $4 39. Kh1 $1 $18) (36... Qf2 $2 37. Ra8 (37. Bxh3 $4
Qxg1+ $3 38. Kxg1 Bd4+ 39. Kh1 Rf1#) 37... Rxh2+ 38. Kxh2 Be5+ 39. Kh1 Qxf5 40.
Rxf8+ Qxf8 41. Qd7 g6 $16 42. b5) (36... Re3 $5) (36... Rh5 $5) 37. Kxh2 Qe5+
38. g3 Qxf5 39. Qd7 $1 $8 Qh5+ 40. Qh3 Qxd5 (40... Qxh3+ $2 41. Kxh3 Bd4 42.
Rf1 $1) 41. Qg4 $44) 36... Qf3+ 37. Rg2 Qf1+ 38. Rg1 Qf3+ 39. Rg2 {[#]} Bd4 $3
40. Raxg7 (40. Qa1 $2 Bxa1 41. Rxa1 g6 $19) 40... Bxg7 41. Qa7 Be5 42. Qf2 Qe4
$1 43. Qc2 {[#]} Bd4 $3 $19 44. Qd1 (44. Qxe4 $2 fxe4 45. Re2 Rf1+ 46. Kg2 Rg1#
) 44... f4 45. b5 (45. h4 $5) 45... Ra8 46. Bf5 $1 Qxd5 47. Be6 Qe4 48. Bf5 Qe3
49. Bb1 Re8 $1 50. Rd2 f3 $1 51. Bd3 Rg8 $1 (51... Qe1+ 52. Bf1) 52. Bg6 Rxg6
53. Rxd4 f2 0-1

[Event "Brussels"]
[Site "Brussels"]
[Date "1987.04.21"]
[Round "9"]
[White "Short, Nigel D"]
[Black "Van der Wiel, John"]
[Result "1/2-1/2"]
[WhiteElo "2615"]
[BlackElo "2590"]
[Annotator "Van der Wiel,J"]
[PlyCount "122"]
[EventDate "1987.04.10"]
[EventType "tourn"]
[EventRounds "11"]
[EventCountry "BEL"]
[EventCategory "14"]
[SourceTitle "CBM 002"]
[Source "ChessBase"]
[SourceDate "1988.02.01"]
[SourceVersion "1"]
[SourceVersionDate "1988.02.01"]
[SourceQuality "1"]

1. e4 c5 2. Nf3 e6 3. d4 cxd4 4. Nxd4 Nf6 5. Nc3 Nc6 6. Ndb5 d6 7. Bf4 e5 8.
Bg5 a6 9. Na3 b5 10. Bxf6 gxf6 11. Nd5 f5 12. Bd3 Be6 13. O-O $5 {[%cal Yc2c4]}
(13. c4 Qa5+ 14. Kf1) (13. Qh5) (13. c3 Bxd5 $6 14. exd5 Ne7 15. Nxb5 Bg7 16.
Na3 {Rigo-Van der Wiel / Rotterdam 1979 tt}) 13... Bxd5 $5 14. exd5 Ne7 15.
Nxb5 (15. c4) (15. Qh5) 15... Bg7 (15... Qb8 $143 16. Na3 $1 Qxb2 17. Nc4 {
[%csl Rd6,Rf5]}) 16. Nc3 e4 17. Bc4 Qa5 $146 (17... Qc7 18. Bb3 (18. Qe2 $1 {
[%cal Rc4a6,Yf2f3]}) 18... Bxc3 19. bxc3 Qxc3 $17 {Ostos-Kouatly / Malta 1980})
(17... Bxc3 18. bxc3 {[%cal Yd1d4]}) (17... Ng6 $5 18. Qd2) 18. Ne2 $1 (18. Qd2
$2 Rc8 19. Nxe4 Qb6 20. Qg5 Rg8 $1) 18... Bxb2 (18... Qc5 19. Bb3 (19. b3 $1)
19... Bxb2 20. Rb1 {[%cal Yd1d2]}) 19. Rb1 Be5 20. Qc1 $1 (20. Rb7 Rc8 21. Bb3
Rc7) 20... Rc8 (20... O-O $2 21. Qg5+ $18) (20... Qc5 $5 21. Bb3 Kf8 (21... h6
$5)) 21. Bb3 Nxd5 $6 (21... Rg8 $11) 22. Qg5 Ne7 (22... Nf6 23. Kh1 {[%csl Rf5]
}) (22... Nc3 23. Nxc3 Bxc3 24. Rfd1 $16 {[%csl Rd6,Rf5]}) 23. f4 $1 (23. f3 f4
$1 {[%csl Rg5][%cal Ye5d4]} (23... d5 $13) 24. Kh1 Qd2 $1) 23... Bc3 (23...
exf3 $2 24. Rxf3) 24. Nxc3 Qxc3 (24... Rxc3 25. Qg7 Rf8 26. Ba4+ $1 $18) 25.
Ba4+ Kf8 26. Qh6+ Kg8 27. Qxd6 Ng6 $1 (27... Qc5+ 28. Qxc5 Rxc5 29. Rb7 {
[%csl Rf7]}) (27... Nc6 28. Kh1 (28. Rfd1 $1 $18 {[%csl Rc6][%cal Yb1b3]})
28... Qd4 $1) 28. Qxa6 $5 (28. Rb7 Kg7 29. Bb3 Rhf8 30. Qe6 e3 $1 31. Rxf7+
Rxf7 32. Qxf7+ Kh6 33. Qe6 Rc6 $1 34. Qe8 Rc8 $11 (34... Rc7 $145 $1 35. Qe6
Qd4 36. c3 Qc5 37. Re1 e2+ 38. Kh1 Re7 $19)) 28... Kg7 29. Bb3 Rhd8 $1 (29...
Rhe8 30. Qb5 (30. Rbe1 Nxf4 $1 31. Qa7 Ne6) (30. Qe2) (30. Rbd1) 30... e3 $1
31. Qxf5 Re7 (31... e2 $5)) 30. Rbe1 $1 Nxf4 $1 (30... Rd2 31. Qa7 $1 Rc7 32.
Qe3) 31. Qa7 Nd5 $2 (31... Rc7 32. Qf2 {[%cal Yf2f7]}) (31... Ne6 $1 32. Bxe6 (
32. Rxe4 $2 Rc7) (32. Qf2 Qc5) 32... Rc7 33. Qb6 fxe6 34. Qxe6 Rf8 35. Rxe4
$140 $2 Qc5+ (35... Rf6 $145 $1 $19) 36. Re3 f4 $1 37. Qe5+ $145 Qxe5 38. Rxe5
$14) 32. Qf2 Ne7 33. g4 $1 (33. Rxe4 $6 fxe4 34. Qxf7+ Kh8 35. Qxe7 Qc5+) (33.
Re3 $5 Qd2 34. Qg3+ Kf8 35. Rxe4 $6 (35. Qh3 Rc6 $1 $13) 35... fxe4 36. Bxf7
Qd4+ 37. Kh1 Qf6 (37... Nf5 38. Be6 $1 Qf6 $145) 38. Bc4 Nf5 39. Qg8+ Ke7 40.
Qxh7+ Qg7 $1 41. Qxf5 Rxc4) 33... Rd2 $6 (33... Kh8 $1 34. gxf5 (34. Re3 $142
Qg7 $1 35. Rg3 fxg4 36. Qxf7 Qd4+ 37. Kg2 Rf8 $1 38. Qxf8+ Rxf8 39. Rxf8+ Kg7
40. Rf7+ Kh6 41. Rxe7 (41. Rxg4 Ng6 $13) 41... Qd2+ 42. Kh1 Qd1+ $11 {
Dauerschach}) 34... Rd2 35. Re2 Rg8+ 36. Kh1 e3 $1 37. Qxe3 (37. Qf3) 37...
Qc6+ 38. Qe4 Rxe2 $19) 34. Qf4 (34. Qh4 Ng6) (34. Re2 Rxe2) 34... Kh8 35. Re3
Qd4 36. Kh1 Rd1 (36... Rg8 37. c3 $1) (36... Ng6 37. Qxf5) 37. Ree1 Rxe1 38.
Rxe1 Rc5 39. Bxf7 (39. gxf5 Rxf5 40. Qxe4 Rf1+ $19) (39. Rg1 $5 Qe5 40. Qd2 (
40. Qh6 Ng8 $1 41. Qf8 Qe7) 40... Rc8) 39... Qf6 $6 (39... fxg4 40. Qxe4 $1 (
40. Rxe4 $2 Qa1+ 41. Kg2 Rxc2+ $19) 40... Qxe4+ 41. Rxe4 Nf5 (41... Ng6 $8) 42.
Rxg4 Nh6 43. Rc4 $1) (39... Rxc2 $1 40. gxf5 Rf2 $1 41. Qb8+ Kg7 42. Be6 e3 $1
43. Rg1+ (43. Qg3+ $145 Kf6 44. Qxe3 Qxe3 45. Rxe3 Nxf5 46. Bxf5 Kxf5 $11)
43... Kh6 44. Qf8+ Kh5 45. Bf7+ Ng6 46. Qe8 (46. Qe7 Qd5+ $1 47. Bxd5 Nxe7)
46... Rxh2+ $1 47. Kxh2 Qh4+ 48. Kg2 Qf2+ $11) 40. Bb3 Ng6 41. Qb8+ (41. Qf2
$143 Re5) 41... Nf8 $2 (41... Kg7 42. Qa7+ Qe7 43. Qxe7+ Nxe7 44. gxf5 Re5 $1
45. Be6 (45. Kg1 Nxf5 46. Kf2 $14) 45... Nxf5 46. Bxf5 Rxf5 47. Rxe4 Ra5 $1 48.
a4 Rc5 49. Re1 Rxc2 50. Ra1 Rc6 51. a5 Ra6 $11) 42. g5 (42. Rf1 $2 Re5 (42...
e3) 43. g5 $145 Qg7 44. Rd1 f4 45. Rd7 Re7 46. Rxe7 Qxe7 47. Qxf4 $18) 42...
Qe7 43. a4 $5 (43. Rd1 e3 (43... Re5 44. Rd7 $1 $18 (44. Bc4 $3 {[%cal Yd1d7]
verhindert den Entlastungstausch auf b5}) 44... Rb5 $145 45. Qxb5 Nxd7) (43...
Kg7 44. Rd8 {[%cal Yd8e8]} Rb5 $1 (44... Re5 45. Rxf8 $1 $18) (44... Rc7 45.
Rxf8 $1 $18) 45. Qa8 (45. Qxb5 Qxd8 46. Qxf5 Qd1+ 47. Kg2 Qe2+ $1) 45... Re5
46. Rb8 $6 e3 $1) 44. Rd8 Qe4+ (44... Kg7 45. Re8) 45. Kg1 Qg4+ 46. Qg3 $18 Kg7
47. Qxg4 fxg4 48. Re8 Rxg5 49. Rxe3) 43... Re5 (43... e3 $4 44. Rxe3) (43...
Kg7 $6 44. Qb4 (44. Qb6 $1 $16) 44... Qe5 $1) 44. Qb6 $1 f4 (44... Qxg5 45. Rg1
$18) 45. Qd4 (45. a5 f3 46. a6 e3) (45. Qf6+ Qxf6 46. gxf6 f3 47. Rg1 $6 (47.
Re3 $142) 47... Ng6 48. Rd1 h5 $1) 45... Ng6 46. Rxe4 Qxg5 47. Rxe5 (47. Bd5 $2
f3 48. Rg4 (48. Rxe5 Qg2#) 48... Qxg4 $1 49. Qxg4 Re1+ 50. Qg1 f2 $19) 47...
Nxe5 48. Bd5 $1 $18 Qf6 (48... f3 49. Bxf3) (48... Kg7 49. Qg1 $1) (48... h5
49. a5 Kh7 50. Be4+ Kh6 51. a6 $18) 49. a5 $4 (49. Bf3 $1 Kg7 50. a5 $18) 49...
f3 50. Qg1 Ng6 51. Bb7 f2 52. Qf1 Qd4 53. a6 Nf4 54. c3 Qe3 55. c4 Kg7 56. Bg2
Kh6 57. c5 Qxc5 58. Qa1 Qe7 $1 59. Qf1 Qe3 60. Bb7 Qe1 61. Bg2 Qe3 (61... Qe3
62. Qc4 $1 {[%csl Rf4][%cal Ya6a7]} Kg5 63. Qg8+ Kh4 (63... Ng6 $6 64. Qd5+ Ne5
65. Bf1) 64. Qc4 Kg5 $11) 1/2-1/2

[Event "Gibraltar Masters 14th"]
[Site "Caleta"]
[Date "2016.01.31"]
[Round "6"]
[White "Ly, Moulthun"]
[Black "Vidit, Santosh Gujrathi"]
[Result "0-1"]
[WhiteElo "2474"]
[BlackElo "2642"]
[Annotator "Vidit,S"]
[PlyCount "74"]
[EventDate "2016.01.26"]
[EventType "swiss"]
[EventRounds "10"]
[EventCountry "GGB"]
[SourceTitle "CBM 171"]
[Source "ChessBase"]
[SourceDate "2016.03.14"]
[SourceVersion "2"]
[SourceVersionDate "2016.03.14"]
[SourceQuality "1"]

{After a slow start I managed to win two games before this round and was eager
for a fight.} 1. e4 c5 2. Nf3 Nc6 3. d4 cxd4 4. Nxd4 Nf6 5. Nc3 e5 6. Ndb5 d6
7. Bg5 a6 8. Na3 b5 9. Nd5 {This came as a slight surprise. Before this game,
Ly had exclusively played 9.Bxf6.} Be7 10. Bxf6 Bxf6 11. c3 Rb8 {A move
popularized by Boris Gelfand, 11...0-0 was the old main line.} 12. Nc2 Bg5 13.
a4 bxa4 14. Ncb4 Nxb4 15. cxb4 {Although this was a theoretical position my
opponent had already spent a considerable amount of time on his last two moves.
} O-O 16. Qxa4 $6 {This is a rather dubious move. It is very important to keep
control over the key d5-square.} (16. Rxa4 {is considered the main theoretical
move. The opening debate is still wide open. Some believe in White's control
over the d5-square while some in two bishops! Whose side are you on :) ?})
16... Bb7 (16... f5 {is another way to play the position. But I wanted to
attack the d5-square right away.} 17. exf5 Bxf5 18. Bxa6 Be4 19. Qb3 Kh8 20.
O-O Bxd5 21. Qxd5 Rxb4 $11) 17. Rd1 $6 {Now White's position is very
unpleasant.} (17. Bc4 Qc8 $1 {A very important move and now ...Qg4 is a very
annoying threat.} 18. Qb3 Qg4 19. Qf3 Qxf3 20. gxf3 Rfc8 {Black still has a
very nice position but the possibility of opposite coloured bishops gives
White good drawing possibilities.}) (17. Bxa6 {looks like the best} Bxd5 18.
exd5 e4 19. O-O f5 $36 (19... Bd2 20. b5)) 17... Qc8 $1 {An important move.
Black has ideas like Bxd5-Qc1 and also ...Qg4.} (17... Bxd5 $5 {was the
alternative but it looked somewhat too naive.} 18. Rxd5 Qc7 19. Bxa6 Qc1+ 20.
Rd1 Qxb2 21. b5 Qc3+ 22. Kf1 Bd8 23. h4 $1 Bb6 24. Rh3 Qc7 $15) 18. Qb3 $1 {
The most resilient move.} (18. Nc3 f5 $40) 18... Bxd5 $5 {This looked like the
most direct to me.} 19. Rxd5 a5 {The most energetic!} 20. b5 a4 $1 {The
a4-pawn continues on its epic suicide journey.} 21. Qb4 (21. Qxa4 {is probably
better. Although during the game I was more worried about 21.Qb4.} Qc1+ 22. Rd1
Qxb2 23. Bc4 Qc3+ $1 24. Kf1 Rfc8 25. Bd5 Bd8 $15 {Black has a dream
Sveshnikov. White still needs a lot of time to coordinate the rooks.}) 21...
Qc2 $1 {My opponent missed this move. It's not easy to defend the b2-pawn.} 22.
Be2 (22. h4 {It looks stupid to provoke the B to c1, but it has its pluses.}
Bd8 $1 (22... Bc1 23. Bd3 Qxb2 24. Qxa4 Ra8 25. Qc2 Qb4+ 26. Kf1 Bb2 27. g3 {
White can still hold on}) 23. Be2 Bb6 $15 {White still struggles to castle.})
22... Rfc8 23. b6 $6 (23. Bd1 {was the main line in my calculations.} Rc4 24.
Bxc2 Rxb4 25. O-O Rc8 $1 26. Bd1 Be7 $17 {and White has to give up one of the
pawns.}) 23... Qc1+ $1 {I thought for a long time over this move. I was afraid
to end up into some sort of opposite coloured bishop endgame.} (23... Qc6 24.
O-O Rxb6 25. Bb5 $1 {is the extra alternative with the direct ...Qc6:} Rcb8 26.
Bxc6 Rxb4 27. g3 {and the game still goes on.}) 24. Rd1 Qc6 {Now White doesn't
have Bb5!} 25. O-O (25. Qxd6 Qxe4 $19) 25... Rxb6 26. Qa3 Rb3 $6 {An inaccuracy
} (26... Qxe4 {was another option but I didn't want to allow the B to d5.} 27.
Bf3 Qb4 28. Bd5) (26... Rcb8 $17 {is probably the cleanest win.}) 27. Rxd6 $1 {
I underestimated this move, but luckily I had a nasty trick up my sleeve!} Qxe4
28. Bf3 Qh4 (28... Qf4 {was my original intention but I missed 30.Rd4 in my
calculations.} 29. Qa2 e4 (29... Rb4 $17) 30. Rd4 $1 $11) 29. Qa2 $2 (29. g3 $1
{White could still offer some resistance with this move.} Rxa3 30. gxh4 Rxf3
31. hxg5 Rf5 (31... g6) 32. h4 g6 33. Kg2 Rb8 34. Ra6 Rb4 35. Kg3 Kg7 $19 {
should win slowly.}) 29... Rxf3 $1 {My opponent missed this thematic move. Now
White is just lost.} 30. gxf3 Bf4 $19 31. Rfd1 Qxh2+ (31... e4 $1 {was quicker
but Qxh2+ seemed clearest during the game.}) 32. Kf1 Qh1+ 33. Ke2 Rc2+ 34. R1d2
Rxd2+ 35. Rxd2 Bxd2 36. Qxa4 {Finally the brave a4-pawn meets its doom but it
did a brave job, Wouldn't you agree :)?} Qe1+ 37. Kd3 Bb4 0-1